00344nam a2200133Ia 4500008004100000041000800041082001500049100002000064245003400084250002200118260002800140300001100168650003100179231207s9999 xx 000 0 und d aeng a658.40/JAW aW. S. Jawadekar aManagement information System a2004, 2nd Edition bTata mc graw hill Delhi aPB/726 aComnputer Program Language